000 01106cam a22003013a 4500
001 16416950
005 20240612120516.0
008 990415r19991984nyu 000 1 eng d
010 _a 98096636
020 _a0345391837 (pbk.) :
_c$6.99
035 _a(OCoLC)ocm41169823
040 _aDPB
_cDPB
_dDLC
050 0 0 _aCPB Box no. 1467 vol. 3
082 0 0 _a823.914
_bADA
100 1 _aAdams, Douglas,
_d1952-2001.
_911576
245 1 0 _aSo long, and thanks for all the fish /
_cDouglas Adams.
250 _a1st Ballantine Books ed.
260 _aNew York :
_bBallantine Books,
_c1999, c1984.
300 _a214 p. ;
_c18 cm.
500 _a"Originally published by Harmony Books, a division of Crown publishers, Inc., in 1984"--T.p. verso.
600 1 0 _aDent, Arthur
_c(Fictitious character)
_vFiction.
_911577
600 1 0 _aPrefect, Ford
_vFiction.
_911578
650 0 _aInterplanetary voyages
_vFiction.
_911579
655 7 _aScience fiction.
_2gsafd
710 2 _aCopyright Paperback Collection (Library of Congress)
_5DLC
906 _a7
_bcbc
_ccopycat
_d2
_encip
_f19
_gy-genrareb
942 _2ddc
_cBK
999 _c478718
_d478718